000 00696nam a22001577a 4500
003 OSt
005 20190621152707.0
008 190621b xxu||||| |||| 00| 0 eng d
040 _cRUA
082 _aAGR KEA 2017 B633 Or.1
100 _913582
_aKEAN SOKPHENG គាន សុខផេង
245 _acultivation technique and arthropod in paddy field in kampong thom and battdombang provines បចេ្ចកទេសដាំដុះនិងសមាសភាពា ARTHROPOD លើដាំណាំស្រូវនៅកំពុងធំនិង ខេត្តបាត់ដំបង and
260 _aphnom penh
_bRUA
_c2017
300 _axiv;55p
_bill;
_c29cm
942 _2ddc
_cAGR
999 _c17917
_d17917